Невеста льва: рассказы, повесть

Bibliografiske detaljer
Hovedforfatter: Файнштейн О. В. Олег Владленович
Summary:Исключено из фонда НТБ ТПУ
Sprog:russisk
Udgivet: Москва, Московский рабочий, 1991
Format: MixedMaterials Bog
KOHA link:https://koha.lib.tpu.ru/cgi-bin/koha/opac-detail.pl?biblionumber=151225

MARC

LEADER 00000nam0a2200000 4500
001 151225
005 20231031150555.0
010 |a 5239012547 
020 |a RU  |b 91-3656 
035 |a (RuTPU)RU\TPU\book\163960 
090 |a 151225 
100 |a 20090121d1991 m y0rusy5003 ca 
101 0 |a rus 
102 |a RU 
105 |a c z 000ay 
200 1 |a Невеста льва  |e рассказы, повесть  |f О. В. Файнштейн 
210 |a Москва  |c Московский рабочий  |d 1991 
215 |a 238 с.  |d 17 см  |c портр. 
333 |a Исключено из фонда НТБ ТПУ 
700 1 |a Файнштейн  |b О. В.  |g Олег Владленович  |4 070 
801 0 |a RU  |b RuMRKP  |c 19950417  |g psbo 
801 1 |a RU  |b 63413507  |c 20090121  |g PSBO 
801 2 |a RU  |b 63413507  |c 20170905  |g PSBO 
942 |c BK